000 00965nam a2200265 a 4500
001 000012069
005 20240412074229.0
008 091104s2006 dr 000 j spa d
020 _a9993442461
040 _aDO-SdBNP
_bspa
_cBNPHU
082 _aRD863.5
_bC515h
100 1 _aCheheen, Mercedes,
_d1986-
_928504
245 1 3 _aEl hombre que tenía un todo y otros cuentos /
_cMercedes Cheheen ; presentación Alejandro Arvelo.
260 _aSanto Domingo :
_bDirección General de la Feria del Libro,
_c2006.
300 _a46 p. ;
_c23 cm.
490 1 _aEdiciones Ferilibro ;
_vno. 80
500 _aIncluye datos biográficos de la autora en la solapa de la cubierta.
586 _aPremio de cuento joven, 2005
590 _aInventariado, 2019/VM
650 0 _aCuentos dominicanos
_9176
650 0 _aLiteratura dominicana.
_967
700 1 2 _aArvelo, Alejandro
_9147
830 0 _aEdiciones Ferilibro ;
_v80
_9150
910 _aValidado. Control de calidad MFF
999 _c11736
_d11736